Trouves le rappeur français(2010-2019) - Statistiques

Statistiques générales
  • Ce quiz a été pris 279 fois
  • Le résultat moyen est 5 sur 20
Statistiques - réponses
Album Rappeur % Correct
Or Noir Kaaris
97%
L'homme au bob Gradur
71%
Cicatrices Zola
59%
Corleone Lacrim
50%
Force et Honneur Lacrim
33%
Amicalement Vôtre Guizmo
19%
Land Kekra
18%
Kyoto Ateyaba
16%
Sans rêve DTF
16%
Triple S 13 Block
14%
Prose élite Medine
14%
Présumé coupable Mister You
12%
Convictions Suicidaires Despo Rutti
10%
Eurêka Hayce Lemsi
10%
Nous-mêmes Hornet La Frappe
7%
Paraplégique Niro
7%
Confidences YL
6%
À la régulière Dany Dan
3%
Le Monde est mon pays Nakk Mendosa
3%
Forceps Bilel
2%
Aucun quiz correspondant
Distribution des résultats
% des personnes avec chaque résultat
Percentile par nombre de réponses
Votre historique - résultats
Vous n’avez pas pris ce quiz